00720nam a2200241 a 4500001001300000003000900013005001700022008004100039020001000080082001500090100002200105245005500127260004400182300000900226500003500235505002400270650001700294700002200311902000800333942000700341952011500348999001500463nice12345678IN_TiNIC20260116011759.0050524s1956 luca grp 000 0 eng  ac10000a275.4bHOL aHollister, John N aCentenary of the Methodist Church in Southern Asia aLucknowbLucknow Publishing Housec1956 a414p aincludes index and biblioraphy2 aBibliography, Index aChurch-India1 aHollister, John N bSRS cBK 001040708StackRoom-aHMIbHMId2007-07-18g100.00l0o275.4 HOLp08844r2007-07-18v100.00w2005-05-24yBK c3905d3905